000 00484nam a22001577a 4500
008 230817b |||||||| |||| 00| 0 eng d
020 _a978-0855981938
050 _aHD1695
_b.D38 1993
100 _aDavis, Jan
245 _aDeveloping and managing community water supplies :
_bDeveloping guidelines No. 8 by/
_cJan Davis, Gerry Garvey and Michael Wood
260 _aUK
_bOxfam
_c1993
300 _avi, 178p.
700 _aGarvey, Gerry
700 _aWood, Michael
942 _2lcc
_cBK
999 _c20237
_d20236